00336nam a2200133Ia 4500008004100000020002200041041001200063100001400075245005100089260003100140300000900171650000800180700001400188221220s9999 xx 000 0 und d a978-93-8999-147-5 aEnglish aS. Sarkar 0aLaw & Evidence Vol. 1cby S. Sarkar, V. K. Rao bLexis NexisaHaryanac2022 a2063 aLaw aV. K. Rao